000
00287nam a22001337a 4500
008
181016b xxu||||| |||| 00| 0 eng d
020
_a
1560006994
041
_a
eng
080
_a
316
100
_a
50
101
_a
SOC
245
_a
Gender and Religion
_c
Swatos,W.H
942
_2
udc
_c
BK
999
_c
49819
_d
49819